000 00526nam a2200181Ia 4500
001 20190
005 20260306172748.0
008 260306t2018||||xx |||||||||||||| ||spa||
041 _aESP
082 _a344
_bA67E
100 _aArbulú Martínez, Víctor Jimmy
_eAUT
245 0 _aDerecho penal, parte especial:
_bcomentarios de los delitos contra la vida, el cuerpo, la salud, el honor y la familia
260 _c2018
300 _a639 páginas :
_c25 cm.
650 _aGEN
654 _aCDE
942 _cLIB
_dJUS
_fJUS
_2ddc
_n
999 _c20190
_d20190